Vitajte v revolúcii mobilných aplikácií!

Inteligentné mobilné zariadenia ako súčasť nášho každodenného života. Čo sú mobilné aplikácie a kto je nositeľom tejto zmeny? Mobilné aplikácie pre firmy a podnikateľov. Desať dôvodov, prečo začať používať mobilné aplikácie.

Saved in:
Bibliographic Details
Main Author: Chomová, Katarína, 1983-
Format: Book Chapter
Language:Slovak
Subjects:
Tags: Add Tag
No Tags, Be the first to tag this record!

MARC

LEADER 00000naa a2200000 4500
001 0161689
005 20240502072814.3
041 0 |a slo 
044 |a SK 
245 1 0 |a Vitajte v revolúcii mobilných aplikácií!  |c Katarína Chomová 
520 |a Inteligentné mobilné zariadenia ako súčasť nášho každodenného života. Čo sú mobilné aplikácie a kto je nositeľom tejto zmeny? Mobilné aplikácie pre firmy a podnikateľov. Desať dôvodov, prečo začať používať mobilné aplikácie. 
610 2 0 |a technológie informačné 
610 2 0 |a technológie komunikačné 
610 2 0 |a komunikácia elektronická 
610 2 0 |a siete mobilné 
610 2 0 |a stránky webové 
610 2 0 |a internet 
100 1 |a Chomová, Katarína, 1983-